Southville International School and Colleges
Your cart is empty.
  • Cart
  • Lists
    Public lists Eva Luna New books Lux_list list_1
    Your lists Log in to create your own lists
  • Log in to your account
  • Your cookies
  • Search history
Southville International School and Colleges
  • Advanced search
  • Recent comments
  • Most popular
  • Libraries

Log in to your account

Log in with GOOGLE


If you do not have an external account, but do have a local account, you can still log in:

  1. Home
  2. MARC view: Effective techniques to motivate mathematics instruction /
Normal view MARC view ISBD view

Effective techniques to motivate mathematics instruction / (Record no. 305263)

[ view plain ]
MARC details
000 -LEADER
fixed length control field 01151cam a22003618i 4500
001 - CONTROL NUMBER
control field 18977938
003 - CONTROL NUMBER IDENTIFIER
control field SISC
005 - DATE AND TIME OF LATEST TRANSACTION
control field 20161115102034.0
008 - FIXED-LENGTH DATA ELEMENTS--GENERAL INFORMATION
fixed length control field 160217s2016 nyu 001 0 eng
010 ## - LIBRARY OF CONGRESS CONTROL NUMBER
LC control number 2015046907
020 ## - INTERNATIONAL STANDARD BOOK NUMBER
International Standard Book Number 9781138640948 (hardback)
020 ## - INTERNATIONAL STANDARD BOOK NUMBER
International Standard Book Number 9781138640955 (pbk.)
020 ## - INTERNATIONAL STANDARD BOOK NUMBER
Cancelled/invalid ISBN 9781315630854 (e-book)
040 ## - CATALOGING SOURCE
Original cataloging agency DLC
Language of cataloging eng
Transcribing agency DLC
Description conventions rda
042 ## - AUTHENTICATION CODE
Authentication code pcc
050 00 - LIBRARY OF CONGRESS CALL NUMBER
Classification number QA 11.2
Item number .P638 2016
082 00 - DEWEY DECIMAL CLASSIFICATION NUMBER
Classification number 510.71
100 1# - MAIN ENTRY--PERSONAL NAME
Personal name Posamentier, Alfred S.
245 10 - TITLE STATEMENT
Title Effective techniques to motivate mathematics instruction /
Statement of responsibility, etc Alfred S. Posamentier and Stephen Krulik.
250 ## - EDITION STATEMENT
Edition statement 2nd edition.
260 ## - PUBLICATION, DISTRIBUTION, ETC. (IMPRINT)
Place of publication, distribution, etc New York :
Name of publisher, distributor, etc Routledge,
Date of publication, distribution, etc 2016.
263 ## - PROJECTED PUBLICATION DATE
Projected publication date 1606
300 ## - PHYSICAL DESCRIPTION
Extent xiii, 175 pages :
Other physical details illustrations ;
Dimensions 23 cm.
500 ## - GENERAL NOTE
General note First edition published by McGraw-Hill Education, 2011.
500 ## - GENERAL NOTE
General note Includes index.
650 #0 - SUBJECT ADDED ENTRY--TOPICAL TERM
Topical term or geographic name as entry element Mathematics
General subdivision Study and teaching.
650 #0 - SUBJECT ADDED ENTRY--TOPICAL TERM
Topical term or geographic name as entry element Effective teaching.
650 #0 - SUBJECT ADDED ENTRY--TOPICAL TERM
Topical term or geographic name as entry element Motivation in education.
700 1# - ADDED ENTRY--PERSONAL NAME
Personal name Krulik, Stephen.
906 ## - LOCAL DATA ELEMENT F, LDF (RLIN)
a 7
b cbc
c orignew
d 1
e ecip
f 20
g y-gencatlg
942 ## - ADDED ENTRY ELEMENTS (KOHA)
Source of classification or shelving scheme Library of Congress Classification
Koha item type Books
Holdings
Withdrawn status Lost status Source of classification or shelving scheme Damaged status Home library Current library Shelving location Date acquired Source of acquisition Sub Shelving location Total Checkouts Full call number Barcode Date last seen Price effective from Koha item type
    Library of Congress Classification   College Library College Library Reserve Section 11/15/2016 Library Fund     QA 11.2 .P638 2016 C20787 11/15/2016 11/15/2016 Books

Effective techniques to motivate mathematics instruction /

APA

Posamentier A. S., Krulik S., . (2016). Effective techniques to motivate mathematics instruction. New York: Routledge.

Chicago

Posamentier Alfred S, Krulik Stephen, . 2016. Effective techniques to motivate mathematics instruction. New York: Routledge.

Harvard

Posamentier A. S., Krulik S., . (2016). Effective techniques to motivate mathematics instruction. New York: Routledge.

MLA

Posamentier Alfred S, Krulik Stephen, . Effective techniques to motivate mathematics instruction. New York: Routledge. 2016.

  • Place hold
  • Print
  • Cite
  • Add to your cart (remove)
  • Save record
    BIBTEX Dublin Core MARCXML MARC (non-Unicode/MARC-8) MARC (Unicode/UTF-8) MARC (Unicode/UTF-8, Standard) MODS (XML) RIS
  • More searches
    Search for this title in:
    Other Libraries (WorldCat) Other Databases (Google Scholar) Online Stores (Bookfinder.com) Open Library (openlibrary.org)

Exporting to Dublin Core...

SOUTHVILLE LIBRARY

Southville International School and Colleges Library

1281 Tropical Ave. Cor. Luxembourg St., BF Homes International, Las Pinas City

Tel. No. 8256374 / 252358 Loc. 117/146

Powered by Koha